| 000 | 01959nam a22002777a 4500 | ||
|---|---|---|---|
| 999 |
_c64118 _d64118 |
||
| 003 | Ge_BSU | ||
| 005 | 20260408110349.0 | ||
| 008 | 260408s2023 ge ||||| |||| 00| 0 geo d | ||
| 020 | _a9789941983382 | ||
| 041 | _ageo | ||
| 080 | _a811.35'373 კ-49 | ||
| 100 |
_aკიკვიძე, ზაალ _927285 |
||
| 245 |
_aორი ნიშანსვეტი ადრეულ ბრიტანულ კავკასიოლოგიაში = Two landmarks in early British Caucasus studies : _b[ჯორჯ ელისი და დემეტრიუს რუდოლფ პიკოკი] / _cზაალ კიკვიძე, ლევან ფაჩულია; რედაქტორი ზაალ კიკვიძე; სოხუმის სახელმწ. უნივერსიტეტი. |
||
| 264 |
_aთბილისი : _bსამშობლო, _c2023. |
||
| 300 |
_a200 გვ.; _b20 სმ. |
||
| 500 | _aტექსტი ქართულ და ინგლისურ ენებზე. | ||
| 653 | _aელისი, ჯორჯ, 1753-1815. | ||
| 653 | _aპიკოკი, დემეტრიუს რუდოლფ, 1842-1892. | ||
| 653 | _aკავკასიური ენების ლექსიკოლოგია. | ||
| 653 | _aდემეტრიუს რუდოლფ პიკოკი და მისი ლექსოკოგრაფიული მემკვიდრეობა | ||
| 653 | _aჯორჯ ელისი და მისი ინგლისურ-კავკასიური სიტყვარები | ||
| 700 |
_aფაჩულია, ლევან _eავტორი _927286 |
||
| 700 |
_aკიკვიძე, ზაალ _eრედაქტორი _927285 |
||
| 710 |
_aსოხუმის სახელმწ. უნივერსიტეტი _927287 |
||
| 942 |
_2udc _cᲬᲘᲒᲜᲘ |
||